Statistiques concernant Palmarès des 4 grands championnats d'Europe

Cliquez ici pour prendre le quiz!

Statistiques générales

  • Ce quiz a été pris 189 fois
  • Le résultat moyen est 332 sur 433

Statistiques - réponses

GroupHinRéponse% Correct
Premier League1936-1937 | 1967-1968 | 2011-2012 | +3 othersManchester City
99%
Premier League1907-1908 | 1910-1911 | 1951-1952 | +17 othersManchester United
99%
Série A1905 | 1925-1926 | 1930-1931 | +33 othersJuventus
98%
Premier League1900-1901 | 1905-1906 | 1921-1922 | +16 othersLiverpool FC
98%
Bundesliga1932 | 1968-1969 | 1971-1972 | +27 othersBayern Munich
97%
Premier League1954-1955 | 2004-2005 | 2005-2006 | +3 othersChelsea FC
97%
LaLiga1929 | 1944-1945 | 1947-1948 | +23 othersFC Barcelone
97%
LaLiga1931-1932 | 1932-1933 | 1953-1954 | +31 othersReal Madrid
97%
Série A1901 | 1906 | 1907 | +15 othersAC Milan
96%
Série A1909-1910 | 1919-1920 | 1929-1930 | +15 othersInter Milan
96%
Premier League1930-1931 | 1932-1933 | 1933-1934 | +10 othersArsenal FC
94%
Bundesliga1956 | 1957 | 1963 | +5 othersBorussia Dortmund
94%
LaLiga1939-1940 | 1940-1941 | 1949-1950 | +7 othersAtlético Madrid
93%
LaLiga1941-1942 | 1943-1944 | 1946-1947 | +3 othersValence CF
86%
Premier League2015-2016Leicester City
85%
Série A1973-1974 | 1999-2000SS Lazio
85%
LaLiga1945-1946Séville FC
83%
Série A1986-1987 | 1989-1990Napoli
79%
Premier League1950-1951 | 1960-1961Tottenham Hotspur
78%
Série A1941-1942 | 1982-1983 | 2000-2001AS Rome
74%
Premier League1968-1969 | 1973-1974 | 1991-1992Leeds United
74%
Premier League1893-1894 | 1895-1896 | 1896-1897 | +4 othersAston Villa
72%
Premier League1890-1891 | 1914-1915 | 1927-1928 | +6 othersEverton FC
69%
Bundesliga1923 | 1928 | 1960 | +3 othersHambourg SV
69%
Premier League1977-1978Nottingham Forest
69%
Série A1955-1956 | 1968-1969Fiorentina
67%
Bundesliga1930 | 1931Hertha Berlin
67%
LaLiga1999-2000Deportivo La Corogne
66%
Bundesliga1934 | 1935 | 1937 | +4 othersSchalke 04
65%
Bundesliga1964-1965 | 1987-1988 | 1992-1993 | 2003-2004Werder Brême
65%
Bundesliga1905Blau-Weiß Berlin
64%
Série A1927-1928 | 1942-1943 | 1945-1946 | +4 othersTorino FC
64%
Bundesliga1908 | 1911Viktoria Berlin
64%
Bundesliga1950 | 1952 | 1983-1984 | +2 othersVfB Stuttgart
63%
LaLiga1934-1935Real Betis
61%
Bundesliga1962 | 1963-1964 | 1977-1978FC Cologne
60%
Série A1898 | 1899 | 1900 | +6 othersGenoa
60%
Premier League1904-1905 | 1906-1907 | 1908-1909 | 1926-1927Newcastle United
57%
Série A1990-1991Sampdoria
57%
LaLiga1980-1981 | 1981-1982Real Sociedad
54%
Bundesliga1969-1970 | 1970-1971 | 1974-1975 | +2 othersBorussia Mönchengladbach
52%
Premier League1897-1898Sheffield United
50%
Premier League1902-1903 | 1903-1904 | 1928-1929 | 1929-1930Sheffield Wednesday
50%
Bundesliga1959Eintracht Francfort
49%
Bundesliga1903 | 1906 | 1913VfB Leipzig
48%
Premier League1911-1912 | 1913-1914 | 1994-1995Blackburn Rovers
47%
Série A1924-1925 | 1928-1929 | 1935-1936 | +4 othersBologne
46%
LaLiga1929-1930 | 1930-1931 | 1933-1934 | +5 othersAthletic Bilbao
45%
Bundesliga2008-2009VfL Wolfsbourg
43%
Premier League1953-1954 | 1957-1958 | 1958-1959Wolverhampton Wanderers
41%
Série A1969-1970Cagliari
40%
Bundesliga1920 | 1921 | 1924 | +6 othersFC Nuremberg
40%
Bundesliga1965-1966Munich 1860
39%
Premier League1891-1892 | 1892-1893 | 1894-1895 | +3 othersSunderland AFC
36%
Premier League1920-1921 | 1959-1960Burnley FC
35%
Bundesliga1943 | 1944Dresdner FC
33%
Bundesliga1938 | 1954Hanovre 96
33%
Série A1984-1985Hellas Vérone
33%
Bundesliga1933Fortuna Düsseldorf
31%
Bundesliga1951 | 1953 | 1990-1991 | 1997-1998FC Kaiserslautern
30%
Bundesliga1907Freiburger FC
29%
Premier League1961-1962Ipswich Town
28%
Premier League1948-1949 | 1949-1950Portsmouth FC
24%
Premier League1971-1972 | 1974-1975Derby County
23%
Premier League1919-1920West Bromwich Albion
22%
Premier League1888-1889 | 1889-1890Preston North End
16%
Bundesliga1955Rot-Weiss Essen
15%
Premier League1923-1924 | 1924-1925 | 1925-1926Huddersfield Town
14%
Bundesliga1912Holstein Kiel
13%
Bundesliga1910Karlsruher FC
13%
Bundesliga1909Phönix Karlsruhe
13%
Série A1908 | 1909 | 1910-1911 | +3 othersPro Vercelli
11%
Série A1921-1922US Novese / Pro Vercelli
11%
Bundesliga1966-1967Eintracht Brunswick
8%
Bundesliga1914 | 1926 | 1929Greuther Fürth
8%
Bundesliga1941Rapid Vienne
8%
Bundesliga1949VfR Mannheim
6%
Série A1913-1914Casale
3%

Distribution des résultats

Percentile par nombre de réponses

% des personnes avec chaque résultat

Votre développement - résultats

Vous n’avez pas pris ce quiz